000 00431nam a2200157Ia 4500
008 240729s9999 xx 000 0 und d
022 _a1553-8621
245 0 _aInternational Journal of Fruit Science
260 _aUnited Kingdom
260 _bTaylor & Francis Group
650 _a Plant culture
650 _aAgriculture
856 _uhttps://doaj.org/toc/3a5c66c3d9614d6cac15bf4213890592
942 _2ddc
942 _cDOAJEJ
999 _c69088
_d69088
945 _a1
_bMadushi Gamage
_c1
_dMadushi Gamage